Thermodynamics (Record no. 8344)

000 -LEADER
fixed length control field 00603nam a2200217 i 4500
001 - CONTROL NUMBER
control field 8344
003 - CONTROL NUMBER IDENTIFIER
control field BD-DhUET
008 - FIXED-LENGTH DATA ELEMENTS--GENERAL INFORMATION
fixed length control field 770308s1978 nyua b 001 0 eng
020 ## - INTERNATIONAL STANDARD BOOK NUMBER
International Standard Book Number 0023355301
040 ## - CATALOGING SOURCE
Original cataloging agency DLC
Transcribing agency DLC
Modifying agency BD-DhUET
082 ## - DEWEY DECIMAL CLASSIFICATION NUMBER
Classification number 621.01
Item number FAI/1970
100 ## - MAIN ENTRY--PERSONAL NAME
Personal name Faires, Virgil Moring
245 10 - TITLE STATEMENT
Title Thermodynamics
Statement of responsibility, etc. by Virgil Moring Faires and Clifford Max Simmang
250 ## - EDITION STATEMENT
Edition statement 6th ed.
260 ## - PUBLICATION, DISTRIBUTION, ETC. (IMPRINT)
Place of publication, distribution, etc. New York
Name of publisher, distributor, etc. Macmillan
Date of publication, distribution, etc. 1970
300 ## - PHYSICAL DESCRIPTION
Extent xxiii, 647 p.
Other physical details ill.
Dimensions 26 cm.
504 ## - BIBLIOGRAPHY, ETC. NOTE
Bibliography, etc Includes bibliographies
650 #0 - SUBJECT ADDED ENTRY--TOPICAL TERM
Topical term or geographic name as entry element Thermodynamics
700 ## - ADDED ENTRY--PERSONAL NAME
Personal name Simmang, Clifford Max
942 ## - ADDED ENTRY ELEMENTS (KOHA)
Koha item type General Book
Holdings
Koha normalized classification for sorting Sublocation or collection (holding branch) Withdrawn status Source of classification or shelving scheme Damaged status Shelving location Date acquired Location (home branch) Koha full call number Koha item type Lost status Koha date last seen Not for loan Copy number Piece designation (barcode) Price effective from
621_010000000000000_FAI_1978Central Library, BUET   Circulation section2015-01-20Central Library, BUET621.01/FAI/1978General Book 2015-01-20 1429432015-01-20
621_010000000000000_FAI_1970Central Library, BUET   Rental section1985-06-11Central Library, BUET621.01 FAI/1970Rental Item 2024-12-11 ৬/ক-১631352024-12-11
621_010000000000000_FAI_1970Central Library, BUET   Rental section1985-06-11Central Library, BUET621.01 FAI/1970Rental Item 2024-12-11 ৬/ক-২631362024-12-11
621_010000000000000_FAI_1970Central Library, BUET   Rental section1985-06-11Central Library, BUET621.01 FAI/1970Rental Item 2024-12-11 ৬/ক-৩631372024-12-11
621_010000000000000_FAI_1970Central Library, BUET   Rental section1985-06-11Central Library, BUET621.01 FAI/1970Rental Item 2024-12-11 ৬/ক-৪631382024-12-11
621_010000000000000_FAI_1970Central Library, BUET   Rental section1985-06-11Central Library, BUET621.01 FAI/1970Rental Item 2024-12-11 ৬/ক-৫631392024-12-11
621_010000000000000_FAI_1970Central Library, BUET   Rental section1985-06-11Central Library, BUET621.01 FAI/1970Rental Item 2024-12-11 ৬/ক-৬631402024-12-11
621_010000000000000_FAI_1970Central Library, BUET   Rental section1985-06-11Central Library, BUET621.01 FAI/1970Rental Item 2024-12-11 ৬/ক-৭631412024-12-11
621_010000000000000_FAI_1970Central Library, BUET   Rental section1985-06-11Central Library, BUET621.01 FAI/1970Rental Item 2024-12-11 ৬/ক-৮631422024-12-11
621_010000000000000_FAI_1970Central Library, BUET   Rental section1985-06-11Central Library, BUET621.01 FAI/1970Rental Item 2024-12-11 ৬/ক-৯631432024-12-11
621_010000000000000_FAI_1970Central Library, BUET   Rental section1985-06-11Central Library, BUET621.01 FAI/1970Rental Item 2024-12-11 ৬/ক-১০631442024-12-11
621_010000000000000_FAI_1970Central Library, BUET   Rental section1985-06-11Central Library, BUET621.01 FAI/1970Rental Item 2024-12-11 ৬/ক-১১631452024-12-11
621_010000000000000_FAI_1970Central Library, BUET   Rental section1985-06-11Central Library, BUET621.01 FAI/1970Rental Item 2024-12-11 ৬/ক-১২631462024-12-11
621_010000000000000_FAI_1970Central Library, BUET   Rental section1985-06-11Central Library, BUET621.01 FAI/1970Rental Item 2024-12-11 ৬/ক-১৩631472024-12-11
621_010000000000000_FAI_1970Central Library, BUET   Rental section1985-06-11Central Library, BUET621.01 FAI/1970Rental Item 2024-12-11 ৬/ক-১৪631482024-12-11
621_010000000000000_FAI_1970Central Library, BUET   Rental section1985-06-11Central Library, BUET621.01 FAI/1970Rental Item 2024-12-11 ৬/ক-১৫631492024-12-11
621_010000000000000_FAI_1970Central Library, BUET   Rental section1985-06-11Central Library, BUET621.01 FAI/1970Rental Item 2024-12-11 ৬/ক-১৬631502024-12-11
621_010000000000000_FAI_1970Central Library, BUET   Rental section1985-06-11Central Library, BUET621.01 FAI/1970Rental Item 2024-12-11 ৬/ক-১৭631512024-12-11
621_010000000000000_FAI_1970Central Library, BUET   Rental section1985-06-11Central Library, BUET621.01 FAI/1970Rental Item 2024-12-11 ৬/ক-১৮631522024-12-11
621_010000000000000_FAI_1970Central Library, BUET   Rental section1985-06-11Central Library, BUET621.01 FAI/1970Rental Item 2024-12-11 ৬/ক-১৯631532024-12-11
621_010000000000000_FAI_1970Central Library, BUET   Rental section1985-06-11Central Library, BUET621.01 FAI/1970Rental Item 2024-12-11 ৬/ক-২০631542024-12-11